00852nam a2200241 4500003000900000005001700009008004100026020001900067040002300086050001900109100004400128245011500172246003300287264004500320300001800365336002200383337002400405338002400429490003400453600003300487650004800520700004200568MX-MxINE20260530113913.0260506b2018 |||||||| |||| 00| 0 spa d a 9786077474906 aICIbspacICIerda4 aF1234.Z37bA851 aÁvila Espinosa, Felipe Arturo,eautor10aBreve historia del zapatismo :btierra y libertad cFelipe Ávila ; con la colaboración de Pedro Salmerón30aBreve historia del zapatismo1 aCiudad de México :bCrítica,c[2018] a374 páginas 2rdacontentatexto 2rdamediaasin medio 2rdacarrieravolumen00aMemoria crítica de México14aZapata, Emiliano,d1879-191914aMéxicoxHistoriayRevolución, 1910-19201 aSalmerón Sanginés, Pedro,eeditor